00548nam a2200133Ia 4500041001200000082001200012100004500024245015500069260006600224300000900290536004600299650004600345650002300391 aEnglish aRR.0292 aRahman, ZilluruIIT RoorkeevUttarakhand 0aStudy of Environmental awareness and practices amongst the employees of the companies, in selected industrial estates in Uttarakhand / cZillur Rahman aNew Delhi :bIndian Council of Social Science Research,c2016 a74p. aIndian Council of Social Science Research aEnvironmental SciencezIndiazUttarakhand aIndustrial Estates